000 00395cam a22001097a 4500
008 180718b1960 xxu||||| |||| 00| 0 eng d
082 _aU61 ESICi
245 _aEmployees' state insurance corporation
_cby Employees' State Insurance Corporation, India
260 _aNew Delhi
_bEmployees' State Insurance Corporation
_c1960
300 _a22p.
700 _aIndia. Employees' State Insurance Corporation
999 _c498309
_d498309